|
|
|
|
| LEADER |
00000nab a2200000 a 4500 |
| 001 |
vtls000023221 |
| 003 |
SK-MaSNL |
| 005 |
20260304062115.0 |
| 008 |
250422c1979 xo 0 slo |
| 015 |
|
|
|a SNBRB19rr/mm-uuuuu
|
| 035 |
|
|
|a CL0033315
|
| 035 |
|
|
|a urn:nbn:sk:snk-abm3
|
| 035 |
|
|
|a (urnnbn)urn:nbn:sk:snk:ar-0054bn
|
| 035 |
|
|
|a (uuid)f326a15e-1d82-49c3-9da7-ab648b053a63
|
| 040 |
|
|
|a SNKBUCL
|b slo
|c SNKBUCL
|e AACR2
|
| 041 |
0 |
|
|a slo
|
| 044 |
|
|
|a xo
|c SK
|
| 080 |
|
|
|a 738
|2 1981
|
| 100 |
1 |
|
|a Oriško, Štefan,
|d 1951-
|4 aut
|9 156718
|
| 245 |
1 |
0 |
|a Faenza 1978
|c Štefan Oriško
|
| 300 |
|
|
|b Obr. 4.
|
| 650 |
0 |
7 |
|a keramika
|2 snkbucl
|9 3061
|
| 650 |
0 |
7 |
|a Faenza 1978
|2 snkbucl
|9 1347108
|
| 655 |
|
7 |
|a články z novín a časopisov
|2 snkbucl
|9 267496
|
| 773 |
0 |
|
|t Výtvarný život
|g Roč. 24, č. 2 (1979), s. 24-25
|
| 850 |
|
|
|a Slovenská národná knižnica
|
| 852 |
|
|
|a Slovenská národná knižnica
|
| 954 |
|
|
|a odborná, vedecká literatúra pôvodná (slovenská)
|2 lita
|
| 958 |
|
|
|a article27
|
| 958 |
|
|
|a RK
|
| 958 |
|
|
|a OND
|
| 958 |
|
|
|a EUIPO
|
| 992 |
|
|
|a RBX
|
| 999 |
|
|
|c 2736521
|d 2738451
|